000
00316nam a22001337a 4500
008
181029b xxu||||| |||| 00| 0 eng d
020
_a
2900393913001
041
_a
eng
080
_2
9th
_a
820
100
_a
21
101
_a
GJL
245
_a
The Norton Anthology English Literature
_c
Greenbalt,S
942
_2
udc
_c
BK
999
_c
50947
_d
50947